| 000 | 00791cam a2200205 4500 | ||
|---|---|---|---|
| 001 | ABS61792 | ||
| 008 | 000000n1999 000 0 eng u | ||
| 035 | _a(Sirsi) u103727 | ||
| 100 | _aBarnard, M. | ||
| 245 | _aPrice of failure | ||
| 260 | _c1999 | ||
| 490 |
_aPremises and Facilities Management _vDecember 1999, 33-34(2) |
||
| 520 | _aArgues that it is public opinion rather than legislation that is driving organisations to adopt a positive health and safety culture. Outlines typical concerns of facilities managers with regards to safety issues and suggests a proactive approach. | ||
| 590 | _aABS | ||
| 650 |
_aHEALTH AND SAFETY _96244 |
||
| 650 |
_aFACILITIES MANAGEMENT _96240 |
||
| 650 | _aMANAGEMENT PRACTICES | ||
| 690 | _aMANAGEMENT-FACILITIES MANAGEMENT | ||
| 942 | _n0 | ||
| 999 |
_c62295 _d62295 |
||